000 00405nam a2200169 4500
001 45586
090 _a45586
100 _a20260128 pory50
101 _apor
102 _aPT
200 _aO livro da selva
_f[adap. não identificado]
210 _aRio de Mouro
_cGirassol
_d[S.d.]
215 _a[16] p.
_ctodo il.
225 _aClássicos ilustrados
675 _a82-93
801 _aPT
_gRPC
990 _cLIVROS